01002nam a22002177a 45000010005000000030006000050050017000110080041000280400029000690500009000980820011001071000015001182450040001332600041001733000057002145050007002715200407002785210027006855210018007126500054007307868FISKH20250812121531.0250812b cb ||||| |||| 00| 0 eng d aFISKHbengcFISKHdFISKH aPZ7  a398.8  aAnonymous  aTime for bed : cValues & lessons / aNashville : bClever Factory, c1997 a8 unnumbered pages : bcolor illustrations ; c22 cm aC  aFocuses on teaching children moral values alongside a soothing nighttime routine. While detailed plot descriptions are scarce, it's intended to blend the comforting ritual of bedtime with gentle lessons about character, behavior, and positive life values. These types of books often simplify themes like respect, kindness, responsibility, or calmness, making them ideal for toddlers and early readers. 8 a100 bLexile estimate 8 aC bRaz-Plus  aMoral education vPicture bookxEarly childhood